书目信息 |
| 题名: |
自动气象站观测技术及应用
|
|
| 作者: | 刘佰 , 周锋 编著 | |
| 分册: | ||
| 出版信息: | 北京 化学工业出版社 2025.03 |
|
| 页数: | 232页 | |
| 开本: | 24cm | |
| 丛书名: | ||
| 单 册: | ||
| 中图分类: | P415.1 | |
| 科图分类: | ||
| 主题词: | 自动气象站--zi dong qi xiang zhan--气象观测 | |
| 电子资源: | ||
| ISBN: | 978-7-122-46940-3 | |
| 000 | 01177nam0 2200265 450 | |
| 001 | 92014 | |
| 005 | 20250817165420.91 | |
| 010 | @a978-7-122-46940-3@dCNY148.00 | |
| 100 | @a20250306d2025 em y0chiy50 ea | |
| 101 | 0 | @achi |
| 102 | @aCN@b110000 | |
| 105 | @aa a 000yy | |
| 106 | @ar | |
| 200 | 1 | @a自动气象站观测技术及应用@Azi dong qi xiang zhan guan ce ji shu ji ying yong@d= Automatic weather station observation technology and application@f刘佰, 周锋等编著@zeng |
| 210 | @a北京@c化学工业出版社@d2025.03 | |
| 215 | @a232页@c图@d24cm | |
| 320 | @a有书目 (第231-232页) | |
| 330 | @a本书以气象观测技术为主线, 结合现行国产自动气象站技术在不同行业领域的应用情况, 从硬件组装、设备调试、设备维修维护到技术应用等多个方面阐述了不同类型自动气象数据采集器、各类自动气象要素传感器、智能与非智能自动气象站的相关技术, 以及生态自动气象站和农田小气侯站等应用场景。 | |
| 510 | 1 | @aAutomatic weather station observation technology and application@zeng |
| 606 | 0 | @a自动气象站@Azi dong qi xiang zhan@x气象观测 |
| 690 | @aP415.1@v5 | |
| 701 | 0 | @a刘佰@Aliu bai@4编著 |
| 701 | 0 | @a周锋@Azhou feng@4编著 |
| 801 | 0 | @aCN@c20250909 |
| 905 | @a河南城建学院图书馆@dP415.1@eL583@f1 | |
| 自动气象站观测技术及应用= Automatic weather station observation technology and application/刘佰, 周锋等编著.-北京:化学工业出版社,2025.03 |
| 232页:图;24cm |
| ISBN 978-7-122-46940-3:CNY148.00 |
| 本书以气象观测技术为主线, 结合现行国产自动气象站技术在不同行业领域的应用情况, 从硬件组装、设备调试、设备维修维护到技术应用等多个方面阐述了不同类型自动气象数据采集器、各类自动气象要素传感器、智能与非智能自动气象站的相关技术, 以及生态自动气象站和农田小气侯站等应用场景。 |
| ● |
| 相关链接 |
|
|
|
正题名:自动气象站观测技术及应用
索取号:P415.1/L583
 
预约/预借
| 序号 | 登录号 | 条形码 | 馆藏地/架位号 | 状态 | 备注 |
| 1 | 1625978 | 216259787 | 自科库401/401自科库 127排2列6层/ [索取号:P415.1/L583] | 在馆 |